000 00687nam a2200241Ia 4500
005 20260430150617.0
008 008 250103s9999 xx 000 0 eng d
037 _aTheses
040 _aCRL
040 _beng
040 _ceng
041 _2eng
041 _aeng
084 _qCRL
100 _aRajput Bhavna Au.; Sharma Alok Gu.
_91237995
245 0 _aFreedom of Speech and Expression on Social Networking Websites: A Critical Study of Regulatory Mechanism with Special Reference to India
260 _c2024
300 _a302p.
650 _aLaw
700 _aUniversity of Delhi. Faculty of Law. Deptt. of Law
_91236414
942 _cTH
999 _c1850202
_d1850202